Kommunikativnyj potencial internacionaľnych frazeologizmov v slovackom i rossijskom političeskom diskurse

Využívanie frazeologizmov a okrídlených výrazov v komunikácii v politike v slovenskom a ruskom jazyku.

Salvato in:
Dettagli Bibliografici
Autore principale: Dulebová, Irina
Natura: Capitolo di libro
Lingua:russo
Soggetti:
Tags: Aggiungi Tag
Nessun Tag, puoi essere il primo ad aggiungerne!!

MARC

LEADER 00000naa$a2200000$$$4500
001 0104695
005 20240502083248.7
041 0 |a rus 
044 |a RU 
245 1 0 |a Kommunikativnyj potencial internacionaľnych frazeologizmov v slovackom i rossijskom političeskom diskurse  |c Irina Dulebová 
520 |a Využívanie frazeologizmov a okrídlených výrazov v komunikácii v politike v slovenskom a ruskom jazyku. 
610 2 0 |a jazyky cudzie 
610 2 0 |a ruština 
610 2 0 |a slovenčina 
610 2 0 |a komunikácia 
610 2 0 |a politika 
100 1 |a Dulebová, Irina